| 000 | 00393nam a2200133Ia 4500 | ||
|---|---|---|---|
| 008 | 231017s9999 xx 000 0 und d | ||
| 082 | _a363.125099CHA | ||
| 082 | _bCHA | ||
| 245 | 0 | _aAustroad Research Report: Trial of a Model Licence Re-assessment Procedure for Older Drivers: Stage 3 Research - AP-R322/08 | |
| 245 | 0 | _cAustroads | |
| 260 | _bAustroads | ||
| 300 | _c30cm | ||
| 942 | _cREP | ||
| 999 |
_c603655 _d603655 |
||